Một số chứng tích về ngôn ngữ, văn tự và văn hóa

Tallennettuna:
Bibliografiset tiedot
Päätekijä: Nguyễn, Tài Cẩn
Aineistotyyppi: Kirja
Kieli:Undetermined
Julkaistu: H. Đại học Quốc gia Hà Nội 2003
Aiheet:
Linkit:http://lrc.tdmu.edu.vn/opac/search/detail.asp?aID=2&ID=3941
Tagit: Lisää tagi
Ei tageja, Lisää ensimmäinen tagi!
Thư viện lưu trữ: Trung tâm Học liệu Trường Đại học Thủ Dầu Một
LEADER 00724nam a2200193Ia 4500
001 TDMU_3941
008 210410s9999 xx 000 0 und d
082 |a 495.9227 
090 |b NG527 
100 |a Nguyễn, Tài Cẩn 
245 0 |a Một số chứng tích về ngôn ngữ, văn tự và văn hóa 
245 0 |c GS. Nguyễn Tài Cẩn 
260 |a H. 
260 |b Đại học Quốc gia Hà Nội 
260 |c 2003 
300 |a 439tr. 
650 |a Tiếng Việt  |x Chữ viết; Tiếng Việt  |x Lịch sử; Chữ Nôm 
856 |u http://lrc.tdmu.edu.vn/opac/search/detail.asp?aID=2&ID=3941 
980 |a Trung tâm Học liệu Trường Đại học Thủ Dầu Một